LEADER 00946nas a2200217 i 4500 001 000000242347 003 CaOOAMICUS 005 20150604000000.0 008 150604b1979 it uu u0 0ita r 013 $a221252 040 $aSeMil$bita 100 1 $aHaupt, Georges.$0(OLS)http://semarc/name/54181 245 13$aLe origini del movimento operaio in Europa :$b1871-1890 /$cGeorges Haupt. 260 $aRoma :$bEditrice Sindacale Italiana,$c1979. 300 $a44 p. ;$c22 cm. 650 4$aMovimento operaio - Europa.$0(OLS)http://semarc/subject/24330 773 0 $tProposte. Quarta serie.$dRoma : Editrice Sindacale Italiana, 1973.$w()31978 850 $aSeMil 852 $aSeMil$W1$xVenegono$y1$m5B XII 8/37$j192693$B192693$CSeMilBibl$Z2$F203501 $81 996 $6245$aLe origini del movimento operaio in Europa :$b1871-1890$9(OLS)http://semarc/title/344131 996 $6260$aRoma :$bEditrice Sindacale Italiana$9(OLS)http://semarc/publisher/39036 LEADER 01277nam a2200301 i 4500 001 000000028223 003 CaOOAMICUS 005 20251204121750.0 008 180830s19501959gw u000 u und u 040 $aSeMil$bita 100 1 $aLuther, Martin$b<1483-1545>.$0(OLS)http://semarc/name/305 245 10$aLuthers Werke in Auswahl /$cherausgegeben von Otto Clemen ... [et al.]. 260 $aBerlin :$bWalter de Gruyter,$c1950-1959. 300 $a8 v. ;$c19 cm. 700 1 $aClemen, Otto.$0(OLS)http://semarc/name/12900 774 0 $tSchriften von 1517 bis 1520.$b5. verb. Aufl.$g1$w()63981 774 0 $tSchriften von 1520 bis 1524.$b5. verb. Aufl.$g2$w()219287 774 0 $tSchriften von 1524 bis 1528.$b5. verb. Aufl.$g3$w()219288 774 0 $tSchriften von 1529 bis 1545.$b5. verb. Aufl.$g4$w()219289 774 0 $tJunge Luther.$b2., durchges. Aufl.$g5$w()219290 774 0 $tLuthers Briefe.$b2., durchges. Aufl.$g6$w()219293 774 0 $tPredigten.$bNeudruck.$g7$w()219294 774 0 $tTischreden.$bNeudruck.$g8$w()219295 900 1 $aMartin Lutero. 996 $6245$aLuthers Werke in Auswahl$9(OLS)http://semarc/title/38290 996 $6260$aBerlin :$bWalter de Gruyter$9(OLS)http://semarc/publisher/30035